00812nam a2200205 i 450000100060000000300090000600500170001500700030003200800410003510000370007624501190011326000480023230000310028070000530031170000340036470000430039885200240044199900170046595201240048287112ES-MaACL20251204063026.0t|041220s1912 ddr ||||1| ger d1 aKoch, Robert, d1843-191096840710aGesammelte werke / cvon Robert Koch ; unter mitwirkung von G. Gaffy und E. Pfuhl ; herausgegeben von J. Schwalbe. aLeipzig : bThieme, c1912 (fRichard Hahn) a3 v., 93 lám. ; c30 cm.1 aGaffky, Georg Theodor August, d1850-19189532131 aPfuhl, Eduard, d1852-9916441 aSchwalbe, Julius (d1863-1930)9104852 aES-MaACLjG-1663-65 c87112d87112 00104070aATENEOMbATENEOMcDEPO2d2008-01-17eSCl0oG-1663-65p1091018r2023-02-23 00:00:00w2023-02-23yMONOGRAFIA